000 01684cam a2200253 4500
001 ##L135725
008 061204n2006 000 0 eng u
035 _a(Sirsi) u135725
041 0 _aeng
050 0 4 _a711.1 $2 18
110 1 _aUnited Kingdom
_bDepartment of Trade and Industry
245 0 0 _aUpdating the electricity generating stations and overhead lines inquiry procedure in England and Wales
_ban energy review consultation
260 _aLondon
_bDTI
_c2006
520 _aDetails the proposed rules update to the procedures for inquiries under the Electricity Act 1989 s62, in order to determine applications under s36 to construct large electricity generating stations and under s37 for overhead lines. The procedures take account of existing best practice introduced in the Town and Country Planning (Major Infrastructure Inquiries Procedure) (England) Rules 2005 and take advantage of powers created in the Energy Act 2004. The new rules will replace the existing Electricity Generating Stations and Overhead Lines (Inquiries Procedure) Rules 1990. Consultation deadline is 1 February 2007.
590 _aKA
650 2 4 _aELECTRICITY ACT 1989
650 2 4 _aELECTRICITY GENERATING STATIONS AND OVERHEAD LINES (INQUIRIES PROCEDURE) RULES 1990
650 2 4 _aENERGY ACT 2004
650 2 4 _aTOWN AND COUNTRY PLANNING (MAJOR INFRASTRUCTURE PROJECT INQUIRIES PROCEDURE) (ENGLAND) RULES 2005
651 4 _aEngland and Wales
_y1543-
690 _aENVIRONMENTAL AND LAND CONSULTANCY-PLANNING AND DEVELOPMENT-DEVELOPMENT CONTROL
856 4 0 _uhttps://www.dti.gov.uk/consultations/page35200.html
_zView the consultation free of charge at www.dti.gov.uk...
942 _n0
999 _c106170
_d106170